Face to face with leaders / (Record no. 154307)

MARC details
000 -LEADER
fixed length control field 00665nam a22001937a 4500
005 - DATE AND TIME OF LATEST TRANSACTION
control field 20180718172310.0
010 ## - LCCN (DPL NO)
LC control number ENG-123520
020 ## - INTERNATIONAL STANDARD BOOK NUMBER
Terms of availability 369.00
International Standard Book Number 9788192991702
035 ## - SYSTEM CONTROL NUMBER
System control number EN-107052
037 ## - SOURCE OF ACQUISITION
Source of stock number/acquisition DBAD/PUB
082 ## - DEWEY DECIMAL CLASSIFICATION NUMBER
Classification number 954.0840922
100 ## - MAIN ENTRY--PERSONAL NAME
Personal name Vasudevaraju,V.A.
245 ## - TITLE STATEMENT
Title Face to face with leaders /
Statement of responsibility, etc by V.A.Vasudevaraju
Remainder of title
260 ## - PUBLICATION, DISTRIBUTION, ETC. (IMPRINT)
Place of publication, distribution, etc Pondicherry
Name of publisher, distributor, etc Valli Publications
Date of publication, distribution, etc 2014
270 ## - ADDRESS
Address 5,Sixth Cross Street, Brindawan,
City Pondicherry
Postal code 605013
300 ## - PHYSICAL DESCRIPTION
Extent 137p.
Dimensions 22cm.(Pbk)
Other physical details ill.
500 ## - GENERAL NOTE
General note Interactions of a lower middle class origin person from a village with national leaders /
942 ## - ADDED ENTRY ELEMENTS (KOHA)
Source of classification or shelving scheme Dewey Decimal Classification
Item type English Books
Classification part 954.0840922
Call number suffix VAS
Holdings
Withdrawn status Lost status Not for loan Collection code Home library Current library Date acquired Source of acquisition Cost, normal purchase price Full call number Barcode Copy number Cost, replacement price Koha item type
      Non-fiction Bawana Bawana 18/07/2018 DBAD/PUB 369.00 954.0840922 VAS EN-107052 1 369.00 English Books

© Delhi Public Library
Hit Counter
free hit counter